| 000 | 00822cam a2200253 a 4500 | ||
|---|---|---|---|
| 001 | 000019480 | ||
| 005 | 20200929170030.0 | ||
| 008 | 860115s1966 sp 001 f spa d | ||
| 040 |
_aDO-SdBNP _cTxBeaL _dDLC _dBNPHU |
||
| 082 |
_a863.6 _bP153ma, 1966 |
||
| 100 | 1 |
_aPalacio Valdés, Armando, _d1853-1938 _941846 |
|
| 245 | 1 | 0 |
_aMaximina / _cArmando Palacio Valdés. |
| 250 | _a6a ed. | ||
| 260 |
_aMadrid : _bEspasa-Calpe, _c1966. |
||
| 300 |
_a231, [17] p. ; _c18 cm. |
||
| 490 | 1 |
_aAustral. Azul: novelas y cuentos en general _v218 |
|
| 500 | _aIncluye índice de autores. | ||
| 650 | 4 |
_aNovela española _91123 |
|
| 650 | 4 |
_aLiteratura española _ySIGLO XX _93326 |
|
| 830 | 0 |
_aAustral. _pAzul: novelas y cuentos en general ; _v218 _922386 |
|
| 910 | _aCatalogación derivada / LC | ||
| 910 | _aWM | ||
| 049 | _aBNGR | ||
| 999 |
_c18996 _d18996 |
||